Ćwierćfinaliści Ligi Konferencji Europy 2024/25 - Statystyki

Ogólne statystyki
  • Ten quiz został rozwiązany 493 razy
  • Średni wynik to 6 z 8
Statystyki odpowiedzi
Klub Kraj Miejsce w fazie grupowej % Poprawnych
Jagiellonia Białystok Polska 9
98%
Legia Warszawa Polska 7
98%
Chelsea Londyn Anglia 1
93%
Real Betis Hiszpania 15
92%
Fiorentina Włochy 3
75%
Rapid Wiedeń Austria 4
53%
NK Celje Słowenia 21
40%
Djurgårdens IF Szwecja 5
24%
Nie znaleziono quizów pasujących do podanych kryteriów
Rozkład punktacji
Procent ludzi z każdym wynikiem
Percentyl według liczby udzielonych odpowiedzi
Twoja historia wyników
Nie rozwiązałeś tego quizu